Online Catalogue and eLibrary

Racist violence and the state : (Record no. 491)

MARC details
000 -LEADER
fixed length control field 00549cam a2200193 a 4500
001 - CONTROL NUMBER
control field 673705
005 - DATE AND TIME OF LATEST TRANSACTION
control field 20240226234709.0
008 - FIXED-LENGTH DATA ELEMENTS--GENERAL INFORMATION
fixed length control field 951218s1996 enk b 001 0 eng
020 ## - INTERNATIONAL STANDARD BOOK NUMBER
ISBN 058227799X
040 ## - CATALOGING SOURCE (பட்டியலாக்க மூலம்)
Original cataloging agency DLC
Transcribing agency DLC
Modifying agency DLC
082 00 - DDC Classification
Class No. 323.1409045
DDC Edition Number 20
Item Number - Author Mark RAC.
100 1# - MAIN ENTRY--PERSONAL NAME
Personal name Witte, Rob.
245 10 - TITLE STATEMENT
Title Racist violence and the state :
Remainder of title a comparative analysis of Britain, France, and the Netherlands /
Statement of responsibility, etc. Rob Witte.
260 ## - PUBLICATION, DISTRIBUTION, ETC.
Place of publication, distribution, etc. London ;
-- New York :
Name of publisher, distributor, etc. Longman,
Date of publication, distribution, etc. 1996.
300 ## - PHYSICAL DESCRIPTION
Extent (e.g. Volumes, Pages etc.) x, 222 p. ;
650 #0 - SUBJECT ADDED ENTRY--TOPICAL TERM
Topical term or geographic name entry element Racism
650 #0 - SUBJECT ADDED ENTRY--TOPICAL TERM
Topical term or geographic name entry element Violence
942 ## - Koha item type (Biblio)
Koha item type Books in Stacks (Lending)
Holdings
Lost status Damaged status Collection code Home library Current library Date acquired Full call number Accession Number Item type
    Lending WERC Library WERC Library 02/27/2024 323.1409045 RAC. 2255 Books in Stacks (Lending)

© WERC Library